| 000 | 00647nam a2200205Ia 4500 | ||
|---|---|---|---|
| 001 | 8447 | ||
| 003 | GE_BSU | ||
| 008 | 181216s||||||||xx |||||||||||||| ||und|| | ||
| 040 | _cGE_BSU | ||
| 080 | _a821.353.1-7 | ||
| 100 | _aეული, სანდრო | ||
| 245 | _aარასდროს!: ლექსები.სატირა | ||
| 245 | _cრედ.: ვ. გავაშელაშვილი | ||
| 260 | _aთბილისი. | ||
| 260 | _bფედერაცია. | ||
| 260 | _c1942 | ||
| 300 | _a64 გვ; 14 სმ. | ||
| 653 | _aარასდროს!: ლექსები.სატირა | ||
| 942 | _cBK | ||
| 999 |
_c41766 _d41766 |
||